अकरा लघुकाव्य (Record no. 105570)

MARC details
000 -LEADER
fixed length control field 00431nam a2200145Ia 4500
008 - FIXED-LENGTH DATA ELEMENTS--GENERAL INFORMATION
fixed length control field 090124s9999 xx 000 0 und d
082 ## - DEWEY DECIMAL CLASSIFICATION NUMBER
Item number 39487
245 ## - TITLE STATEMENT
Title अकरा लघुकाव्य
250 ## - EDITION STATEMENT
Edition statement 1
260 ## - PUBLICATION, DISTRIBUTION, ETC. (IMPRINT)
Name of publisher, distributor, etc मारुतीबुवा रामदासी
Date of publication, distribution, etc 1988
300 ## - PHYSICAL DESCRIPTION
Extent 232
630 ## - SUBJECT ADDED ENTRY--UNIFORM TITLE
Uniform title अकरा लघुकाव्य
730 ## - ADDED ENTRY--UNIFORM TITLE
Uniform title अकरा लघुकाव्य
942 ## - ADDED ENTRY ELEMENTS (KOHA)
Koha item type Book
Holdings
Withdrawn status Lost status Damaged status Not for loan Home library Current library Date acquired Cost, normal purchase price Total Checkouts Full call number Barcode Date last seen Cost, replacement price Price effective from Koha item type
        Nagar Wachan Mandir, Thane Nagar Wachan Mandir, Thane   14.00   39487 THNNWM-39487 01/24/2009 14.00 01/24/2009 Book